[Event "Stay Safe Play From Home 151"]
[Site "T#646137Emanuel Laske"]
[Date "2020.05.17"]
[Round "6"]
[White "Indianquant"]
[Black "Don59as"]
[Result "1-0"]
[WhiteElo "2247"]
[BlackElo "2055"]
[Annotator "NA"]
[PlyCount "69"]
[EventDate "2020.05.17"]
[EventType "swiss (blitz)"]

1. Nf3 {[%emt 0:00:04]} d5 {[%emt 0:00:01]} 2. d4 {[%emt 0:00:00]} e6 {[%emt 0:00:01]} 3. c4 {[%emt 0:00:00]} Nf6 {[%emt 0:00:00]} 4. Nc3 {[%emt 0:00:00]} Be7 {[%emt 0:00:00]} 5. Bg5 {[%emt 0:00:00]} O-O {[%emt 0:00:00]} 6. e3 {[%emt 0:00:00]} h6 {[%emt 0:00:01]} 7. Bh4 {[%emt 0:00:00]} b6 {[%emt 0:00:02]} 8. Be2 {[%emt 0:00:02]} dxc4 {[%emt 0:00:01]} 9. Bxf6 {[%emt 0:00:02]} Bb7 {[%emt 0:00:00]} 10. Bxe7 {[%emt 0:00:02]} Qxe7 {[%emt 0:00:00]} 11. Bxc4 {[%emt 0:00:01]} Nd7 {[%emt 0:00:02]} 12. O-O {[%emt 0:00:00]} c5 {[%emt 0:00:01]} 13. Qe2 {[%emt 0:00:00]} Rac8 {[%emt 0:00:02]} 14. d5 {[%emt 0:00:02]} exd5 {[%emt 0:00:03]} 15. Bxd5 {[%emt 0:00:00]} Bxd5 {[%emt 0:00:02]} 16. Nxd5 {[%emt 0:00:00]} Qd6 {[%emt 0:00:02]} 17. Rad1 {[%emt 0:00:01]} Rfd8 {[%emt 0:00:04]} 18. Qc2 {[%emt 0:00:01]} Qe6 {[%emt 0:00:03]} 19. b3 {[%emt 0:00:03]} Nf8 {[%emt 0:00:02]} 20. Nf4 {[%emt 0:00:01]} Qf6 {[%emt 0:00:01]} 21. Qc4 {[%emt 0:00:02]} Re8 {[%emt 0:00:03]} 22. Nd5 {[%emt 0:00:01]} Qg6 {[%emt 0:00:01]} 23. Qd3 {[%emt 0:00:01]} Qg4 {[%emt 0:00:02]} 24. h3 {[%emt 0:00:02]} Qe6 {[%emt 0:00:01]} 25. Nf4 {[%emt 0:00:01]} Qf6 {[%emt 0:00:02]} 26. Qc4 {[%emt 0:00:03]} Rc7 {[%emt 0:00:03]} 27. Rd2 {[%emt 0:00:01]} Qc6 {[%emt 0:00:04]} 28. Rfd1 {[%emt 0:00:01]} Rce7 {[%emt 0:00:01]} 29. Nd5 {[%emt 0:00:01]} Re6 {[%emt 0:00:02]} 30. Qc2 {[%emt 0:00:01]} Rg6 {[%emt 0:00:01]} 31. Nf4 {[%emt 0:00:01]} Rf6 {[%emt 0:00:02]} 32. Kf1 {[%emt 0:00:01]} Qc7 {[%emt 0:00:01]} 33. Nd5 {[%emt 0:00:01]} Qh2 {[%emt 0:00:02]} 34. Nxf6+ {[%emt 0:00:01]} gxf6 {[%emt 0:00:00]} 35. Nxh2 {[%emt 0:00:00] Don59as resigns (Lag: Av=1.07s, max=12.8s)} 1-0

[Event "Stay Safe Play From Home 151"]
[Site "T#646137Emanuel Laske"]
[Date "2020.05.17"]
[Round "6"]
[White "Little champs"]
[Black "Mandy"]
[Result "1-0"]
[WhiteElo "2161"]
[BlackElo "944"]
[Annotator "NA RC"]
[PlyCount "33"]
[EventDate "2020.05.17"]
[EventType "swiss (blitz)"]

1. d4 {[%emt 0:00:02]} d5 {[%emt 0:00:02]} 2. e3 {[%emt 0:00:00]} c6 {[%emt 0:00:01]} 3. c4 {[%emt 0:00:00]} Bf5 {[%emt 0:00:03]} 4. Nc3 {[%emt 0:00:02]} e6 {[%emt 0:00:03]} 5. Qb3 {[%emt 0:00:01]} Nf6 {[%emt 0:00:01]} 6. cxd5 {[%emt 0:00:01]} exd5 {[%emt 0:00:05]} 7. Nf3 {[%emt 0:00:02]} Nbd7 {[%emt 0:00:08]} 8. Qxb7 {[%emt 0:00:01]} Rb8 {[%emt 0:00:04]} 9. Qxc6 {[%emt 0:00:01]} Bb4 {[%emt 0:00:09]} 10. Ne5 {[%emt 0:00:01]} Bxc3+ {[%emt 0:00:04]} 11. bxc3 {[%emt 0:00:01]} O-O {[%emt 0:00:02]} 12. Ba3 {[%emt 0:00:01]} Re8 {[%emt 0:00:04]} 13. Bb5 {[%emt 0:00:01]} Ne4 {[%emt 0:00:04]} 14. O-O {[%emt 0:00:04]} Nxc3 {[%emt 0:00:02]} 15. Qxc3 {[%emt 0:00:01]} Be4 {[%emt 0:00:03]} 16. Bxd7 {[%emt 0:00:01]} Rf8 {[%emt 0:00:04]} 17. Bxf8 {[%emt 0:00:02] Zeit} 1-0

[Event "Stay Safe Play From Home 151"]
[Site "T#646137Emanuel Laske"]
[Date "2020.05.17"]
[Round "6"]
[White "SoulofWolf"]
[Black "Sfantul321"]
[Result "0-1"]
[WhiteElo "2136"]
[BlackElo "1968"]
[Annotator "NA"]
[PlyCount "82"]
[EventDate "2020.05.17"]
[EventType "swiss (blitz)"]

1. d4 {[%emt 0:00:00]} g6 {[%emt 0:00:01]} 2. Nf3 {[%emt 0:00:00]} Bg7 {[%emt 0:00:01]} 3. g3 {[%emt 0:00:00]} d6 {[%emt 0:00:00]} 4. Bg2 {[%emt 0:00:01]} Nf6 {[%emt 0:00:00]} 5. O-O {[%emt 0:00:00]} O-O {[%emt 0:00:00]} 6. c3 {[%emt 0:00:00]} c5 {[%emt 0:00:00]} 7. Nbd2 {[%emt 0:00:00]} cxd4 {[%emt 0:00:00]} 8. cxd4 {[%emt 0:00:00]} Nc6 {[%emt 0:00:01]} 9. e3 {[%emt 0:00:00]} Bg4 {[%emt 0:00:01]} 10. h3 {[%emt 0:00:00]} Bxf3 {[%emt 0:00:01]} 11. Qxf3 {[%emt 0:00:00]} e5 {[%emt 0:00:01]} 12. dxe5 {[%emt 0:00:01]} Nxe5 {[%emt 0:00:01]} 13. Qxb7 {[%emt 0:00:01]} Rb8 {[%emt 0:00:01]} 14. Qa8 {[%emt 0:00:01]} Rxa8 {[%emt 0:00:01]} 15. b3 {[%emt 0:00:01]} Rc8 {[%emt 0:00:02]} 16. Ba3 {[%emt 0:00:00]} Re8 {[%emt 0:00:02]} 17. Rfd1 {[%emt 0:00:01]} Qb6 {[%emt 0:00:02]} 18. Kh2 {[%emt 0:00:00]} d5 {[%emt 0:00:02]} 19. Bb2 {[%emt 0:00:01]} Nfd7 {[%emt 0:00:02]} 20. Bd4 {[%emt 0:00:00]} Qa5 {[%emt 0:00:01]} 21. f4 {[%emt 0:00:00]} Nd3 {[%emt 0:00:01]} 22. b4 {[%emt 0:00:02]} Qxb4 {[%emt 0:00:02]} 23. Rab1 {[%emt 0:00:01]} Qa3 {[%emt 0:00:01]} 24. Nf3 {[%emt 0:00:03]} Bxd4 {[%emt 0:00:02]} 25. Nxd4 {[%emt 0:00:01]} Nb4 {[%emt 0:00:02]} 26. Ra1 {[%emt 0:00:04]} a5 {[%emt 0:00:02]} 27. Nb5 {[%emt 0:00:02]} Qxe3 {[%emt 0:00:01]} 28. Re1 {[%emt 0:00:01]} Qd2 {[%emt 0:00:01]} 29. Red1 {[%emt 0:00:01]} Qb2 {[%emt 0:00:01]} 30. Nd6 {[%emt 0:00:02]} Red8 {[%emt 0:00:02]} 31. Rdb1 {[%emt 0:00:01]} Qf6 {[%emt 0:00:03]} 32. Nxc8 {[%emt 0:00:01]} Rxc8 {[%emt 0:00:01]} 33. a3 {[%emt 0:00:00]} Nc6 {[%emt 0:00:02]} 34. Rc1 {[%emt 0:00:01]} Na7 {[%emt 0:00:01]} 35. Rd1 {[%emt 0:00:01]} d4 {[%emt 0:00:01]} 36. Rab1 {[%emt 0:00:01]} Rc2 {[%emt 0:00:02]} 37. Rb8+ {[%emt 0:00:02]} Nxb8 {[%emt 0:00:02]} 38. Kg1 {[%emt 0:00:01]} Rxg2+ {[%emt 0:00:02]} 39. Kxg2 {[%emt 0:00:01]} Nbc6 {[%emt 0:00:00]} 40. Rc1 {[%emt 0:00:01]} Qe6 {[%emt 0:00:00]} 41. Rc2 {[%emt 0:00:01]} Qe4+ {[%emt 0:00:01] SoulofWolf poddaje siê (Lag: Av=0.17s, max=0.5s)} 0-1

[Event "Stay Safe Play From Home 151"]
[Site "T#646137Emanuel Laske"]
[Date "2020.05.17"]
[Round "6"]
[White "Castlingarrocco"]
[Black "Weltszmerc"]
[Result "1-0"]
[WhiteElo "2019"]
[BlackElo "2111"]
[Annotator "TA"]
[PlyCount "73"]
[EventDate "2020.05.17"]
[EventType "swiss (blitz)"]

{[%evp 9,73,0,18,13,44,37,112,107,104,93,95,-14,0,-25,58,57,48,16,20,-42,-42,-193,0,-61,-48,-40,-35,-69,-37,-26,756,0,766,763,774,772,745,634,706,628,707,683,735,733,1231,1243,1208,1199,997,643,679,439,439,432,439,438,437,435,415,389,704,704,667,653,612,600]} 1. d4 Nf6 2. e3 b6 3. f4 Bb7 4. Nf3 d6 5. Bd3 Nbd7 6. Qe2 {A45: Trompowsky Attack.} g6 7. e4 {[#]} e5 $146 (7... Bh6 $14) ({Predecessor:} 7... Bg7 8. e5 Nd5 9. e6 N7f6 10. Ng5 fxe6 11. Qxe6 Rf8 12. Nxh7 Qd7 13. Bxg6+ Kd8 14. Nxf8 Bxf8 15. Qxd7+ Kxd7 {1-0 (34) Ramirez Reyes,B (2121)-Gil Lauriano,S (1967) Santo Domingo 2018}) 8. fxe5 $16 {White is better.} dxe5 9. dxe5 Ng4 10. Nc3 (10. Bg5 $16 Be7 11. Bf4) 10... Ngxe5 $11 11. O-O Nxd3 ({Better is} 11... Bg7 $11) 12. cxd3 $14 Bg7 13. d4 (13. Bg5 $5 {[%cal Rg5d8]} f6 14. Be3 $11) 13... O-O 14. e5 (14. Bf4 $11) 14... c5 $15 {Strongly threatening ...Bxf3.} 15. Bg5 $2 {[#]} ({White should try} 15. d5 $15) 15... Qc7 $2 (15... Bxf3 $1 $19 16. Qd2 Qc7 17. gxf3 cxd4 18. Qxd4 Nxe5) 16. e6 (16. Qc4 $11) 16... fxe6 17. Qxe6+ Kh8 {Threatens to win with ...Rae8.} 18. Nd5 Bxd5 (18... Qc6 $5 {[%cal Rc6e6]} 19. Nf4 Rae8 20. Qxc6 Bxc6 $17) 19. Qxd5 Rf5 $2 {[%mdl 8192] White now steadily converts the win.} (19... Nf6 $11 20. Bxf6 Bxf6) 20. Qe4 $2 ({White should play} 20. Qxa8+ $18 Rf8 21. Qe4 cxd4 22. Nxd4) 20... cxd4 $2 {[%mdl 8192]} (20... Raf8 $11) 21. Qxa8+ $18 Rf8 22. Qe4 Nc5 23. Qe2 d3 24. Qd2 Qd7 25. Rad1 Ne4 26. Qxd3 Qa4 27. b3 Qb4 {[#]} 28. a3 $1 Qc5+ (28... Qxa3 29. Qxe4) 29. Kh1 Nxg5 30. Nxg5 Qxg5 31. Rxf8+ Bxf8 {[%mdl 4096] Endgame KQR-KQB} 32. Qd4+ Kg8 33. h3 Qe7 34. Qd5+ Qf7 $2 (34... Kg7 35. b4 Qe2 36. Qd4+ Kg8 37. Qd5+ Kg7 38. Qd4+ Kg8 39. Qd5+ Kg7) 35. Qxf7+ {White is clearly winning.} Kxf7 36. Rd7+ Ke6 37. Rxa7 {Accuracy: White = 45%, Black = 44%.} 1-0

[Event "Stay Safe Play From Home 151"]
[Site "T#646137Emanuel Laske"]
[Date "2020.05.17"]
[Round "6"]
[White "MartinKestler"]
[Black "Lazieri3"]
[Result "0-1"]
[WhiteElo "1933"]
[BlackElo "2139"]
[Annotator "TA"]
[PlyCount "82"]
[EventDate "2020.05.17"]
[EventType "swiss (blitz)"]

{[%evp 10,81,13,12,12,4,10,6,14,0,26,-224,-234,-234,-245,-247,-239,-340,-267,-254,-178,-235,-240,-328,-333,-341,-333,-339,-335,-329,-308,-274,-275,-1019,-1003,-1054,-1061,-1130,-1124,-1238,-1168,-1241,-1229,-1359,-1354,-1331,-1328,-1453,-1397,-1560,-1306,-1437,-1436,-1868,-1770,-1784,-1718,-29979,-1826,-29995,-29996,-29996,-29995,-29997,-29995,-29996,-29997,-29997,-29997,-29997,-29998,-29999,-29999,-29999]} 1. Nf3 c6 2. b3 d5 3. Bb2 Nf6 4. e3 Bg4 5. d4 Nbd7 6. Be2 e6 {A06: Réti Opening: 1 Nf3 d5.} 7. Nbd2 Bd6 8. O-O Qe7 {The position is equal.} 9. c4 Ba3 {[#]} 10. cxd5 $146 (10. Bxa3 $11 {and White has nothing to worry.} Qxa3 11. Ne5 Bxe2 12. Qxe2) ({Predecessor:} 10. Qc1 Bxb2 11. Qxb2 a5 12. h3 Bh5 13. a3 O-O 14. Rfe1 Rfe8 15. Ne5 Bxe2 16. Rxe2 Nxe5 17. dxe5 {½-½ (40) Jovanovic,D (2413)-Medancic,R (2201) Belgrade 2014}) 10... Bxb2 $19 11. Rb1 Ba3 ({Inferior is} 11... cxd5 12. Rxb2 O-O 13. Qb1 $11) 12. dxc6 bxc6 13. h3 (13. Nc4 $142) 13... Bh5 14. Nc4 Bd6 15. Nxd6+ (15. Na5 $142) 15... Qxd6 16. Ne5 Bxe2 ({Much less strong is} 16... Nxe5 17. Bxh5 Ned7 18. Bf3 $19) 17. Qxe2 Nxe5 18. dxe5 Qxe5 19. Rfc1 c5 20. Qb5+ Nd7 21. Rxc5 $2 (21. Qb7 Qd5 22. Qc7) 21... Qxc5 22. Qe2 O-O 23. Rd1 Nf6 24. Qf3 Rfd8 25. Rf1 h6 26. g3 Qd5 27. Qxd5 Rxd5 28. Rc1 Rad8 29. Rc7 R8d7 30. Rc8+ Kh7 31. Rc2 Rd2 32. Rc4 Rxa2 33. Rb4 Rdd2 (33... Rd1+ $142 34. Kg2 {[#]} Rdd2 $1 {[%mdl 512]} 35. Rf4 Ne4 $1 {[%mdl 512]} 36. Rxf7 Rxf2+ 37. Rxf2 Rxf2+ 38. Kg1 Kg6 39. b4 Kg5 40. b5 Re2 41. b6 axb6 42. g4 Kh4 43. g5 Kxh3 44. Kf1 Ng3+ 45. Kg1 Rg2#) 34. Kg2 Rxf2+ {Black mates.} 35. Kg1 g5 36. h4 {[#]} Nd5 $1 37. Rd4 Nxe3 {[%csl Ge3][%cal Rf2f1]} 38. Rd1 Nxd1 39. hxg5 Ne3 {[%csl Ge3][%cal Rf2f1]} 40. gxh6 Kg6 {[%csl Ge3][%cal Rf2f1]} 41. h7 Rf1# {White did not feel at home in the position after the opening. Accuracy: White = 39%, Black = 69%.} 0-1

[Event "Stay Safe Play From Home 151"]
[Site "T#646137Emanuel Laske"]
[Date "2020.05.17"]
[Round "6"]
[White "Chase the sun"]
[Black "Haxhi Baha"]
[Result "1/2-1/2"]
[WhiteElo "1870"]
[BlackElo "1930"]
[Annotator "TA"]
[PlyCount "47"]
[EventDate "2020.05.17"]
[EventType "swiss (blitz)"]

{[%evp 9,47,53,46,6,31,-7,21,20,139,48,81,85,93,12,93,0,27,0,43,36,138,0,0,0,0,-114,-108,-108,443,441,887,654,827,68,57,0,770,39,49,0]} 1. e4 e6 2. b3 d5 3. Bb2 dxe4 4. Nc3 c5 5. Nxe4 Nc6 {[#]} 6. f4 $146 {C00: French: Unusual White 2nd moves.} ({Predecessor:} 6. Nf3 Qb6 7. Bc4 Nd4 8. O-O Bd7 9. Ne5 Bc6 10. Ng5 Nh6 11. Re1 Be7 12. Ngxf7 Nxf7 13. Bxd4 cxd4 14. Nxf7 Kxf7 15. Rxe6 Kf8 16. Qh5 g6 17. Rxg6 {1-0 (18) Joensuu,J-Kauppinen,T Finland 1974}) 6... Nf6 7. Bd3 (7. Nxf6+ {is more complex.} gxf6 8. Nf3 Bd7 9. Bc4 Rg8 10. Qe2) 7... Nxe4 8. Bxe4 {The position is equal.} Be7 (8... Qc7 $11) 9. Nf3 (9. Bxg7 $16 Rg8 10. Bc3) 9... Bf6 10. Bxf6 Qxf6 {[#]} 11. O-O (11. Bxc6+ $1 $16 bxc6 12. g3) 11... O-O (11... Qxf4 $11 {remains equal.} 12. Qe2 O-O) 12. c3 (12. Bxc6 $1 $16 {aiming for Be4.} bxc6 13. g3) 12... Bd7 13. Qe2 Rad8 14. Rae1 Bc8 ({Black should try} 14... Qe7 $14) 15. Ne5 (15. Qe3 $16) 15... Nxe5 $11 16. fxe5 Qg5 17. Rf3 (17. d3 $11) 17... Rxd2 $17 18. Qf1 Qh6 $2 {[%mdl 8192] [#]} (18... Rxa2 $17 {keeps the pressure on.} 19. Rg3 Qd8) 19. Rh3 $18 Qg5 (19... f5 $142) 20. Bxh7+ Kh8 {If Black can now play ...Bd7 this consolidates a bit.} 21. Be4+ $2 ({Better is} 21. Re4 $18) 21... Kg8 $14 22. Bh7+ $2 {[%mdl 8192]} (22. Rg3 $14 Qd8 23. Qf4) 22... Kh8 $18 {Now ...Bd7 and Black clings on.} 23. Bg6+ $2 (23. Re4 $18) 23... Kg8 $14 24. Bh7+ {Accuracy: White = 23%, Black = 14%.} 1/2-1/2

[Event "Stay Safe Play From Home 151"]
[Site "T#646137Emanuel Laske"]
[Date "2020.05.17"]
[Round "6"]
[White "Trotsky"]
[Black "Lucknow"]
[Result "0-1"]
[WhiteElo "1607"]
[BlackElo "1790"]
[Annotator "NA RC"]
[PlyCount "74"]
[EventDate "2020.05.17"]
[EventType "swiss (blitz)"]

1. d4 {[%emt 0:00:01]} d5 {[%emt 0:00:02]} 2. e3 {[%emt 0:00:00]} c6 {[%emt 0:00:01]} 3. c4 {[%emt 0:00:01]} e6 {[%emt 0:00:01]} 4. Nc3 {[%emt 0:00:01]} Nf6 {[%emt 0:00:01]} 5. Nf3 {[%emt 0:00:02]} Bd6 {[%emt 0:00:01]} 6. Qc2 {[%emt 0:00:01]} Nbd7 {[%emt 0:00:00]} 7. c5 {[%emt 0:00:00]} Bc7 {[%emt 0:00:01]} 8. Bd3 {[%emt 0:00:01]} e5 {[%emt 0:00:00]} 9. Bd2 {[%emt 0:00:01]} e4 {[%emt 0:00:02]} 10. Nxe4 {[%emt 0:00:01]} dxe4 {[%emt 0:00:01]} 11. Bxe4 {[%emt 0:00:01]} Nxe4 {[%emt 0:00:01]} 12. Qxe4+ {[%emt 0:00:01]} Qe7 {[%emt 0:00:01]} 13. Qc2 {[%emt 0:00:03]} Nf6 {[%emt 0:00:02]} 14. O-O-O {[%emt 0:00:01]} O-O {[%emt 0:00:02]} 15. Ng5 {[%emt 0:00:01]} h6 {[%emt 0:00:03]} 16. h4 {[%emt 0:00:01]} Re8 {[%emt 0:00:04]} 17. Rde1 {[%emt 0:00:03]} Ne4 {[%emt 0:00:01]} 18. f3 {[%emt 0:00:02]} Nxg5 {[%emt 0:00:05]} 19. hxg5 {[%emt 0:00:01]} Qxg5 {[%emt 0:00:01]} 20. e4 {[%emt 0:00:01]} Bf4 {[%emt 0:00:01]} 21. Bxf4 {[%emt 0:00:08]} Qxf4+ {[%emt 0:00:00]} 22. Kb1 {[%emt 0:00:01]} Bd7 {[%emt 0:00:03]} 23. d5 {[%emt 0:00:02]} Rad8 {[%emt 0:00:03]} 24. d6 {[%emt 0:00:02]} Be6 {[%emt 0:00:01]} 25. Qf2 {[%emt 0:00:06]} b6 {[%emt 0:00:01]} 26. g3 {[%emt 0:00:01]} Qf6 {[%emt 0:00:03]} 27. e5 {[%emt 0:00:02]} Qf5+ {[%emt 0:00:02]} 28. Ka1 {[%emt 0:00:02]} bxc5 {[%emt 0:00:01]} 29. f4 {[%emt 0:00:03]} Qd3 {[%emt 0:00:02]} 30. Qh2 {[%emt 0:00:02]} Qd5 {[%emt 0:00:03]} 31. b3 {[%emt 0:00:05]} Qd4+ {[%emt 0:00:02]} 32. Qb2 {[%emt 0:00:01]} Qxb2+ {[%emt 0:00:03]} 33. Kxb2 {[%emt 0:00:01]} c4 {[%emt 0:00:00]} 34. b4 {[%emt 0:00:01]} c5 {[%emt 0:00:01]} 35. g4 {[%emt 0:00:01]} Rc8 {[%emt 0:00:00]} 36. f5 {[%emt 0:00:01]} Bxf5 {[%emt 0:00:01]} 37. gxf5 {[%emt 0:00:01]} cxb4 {[%emt 0:00:00] Âðåìÿ (Lag: Av=0.31s, max=0.9s)} 0-1

[Event "Stay Safe Play From Home 151"]
[Site "T#646137Emanuel Laske"]
[Date "2020.05.17"]
[Round "6"]
[White "Parth11"]
[Black "Edmatuag"]
[Result "1-0"]
[WhiteElo "1325"]
[BlackElo "1645"]
[Annotator "NA"]
[PlyCount "55"]
[EventDate "2020.05.17"]
[EventType "swiss (blitz)"]

1. e4 {[%emt 0:00:03]} c5 {[%emt 0:00:02]} 2. d3 {[%emt 0:00:00]} f6 {[%emt 0:00:01]} 3. c3 {[%emt 0:00:00]} d5 {[%emt 0:00:01]} 4. Be3 {[%emt 0:00:00]} e6 {[%emt 0:00:02]} 5. exd5 {[%emt 0:00:02]} exd5 {[%emt 0:00:02]} 6. d4 {[%emt 0:00:00]} Nc6 {[%emt 0:00:02]} 7. Bd3 {[%emt 0:00:02]} c4 {[%emt 0:00:02]} 8. Bc2 {[%emt 0:00:01]} Be6 {[%emt 0:00:01]} 9. Ba4 {[%emt 0:00:02]} Bd6 {[%emt 0:00:01]} 10. Bxc6+ {[%emt 0:00:01]} bxc6 {[%emt 0:00:01]} 11. Nd2 {[%emt 0:00:00]} Qc7 {[%emt 0:00:01]} 12. Ngf3 {[%emt 0:00:01]} O-O-O {[%emt 0:00:01]} 13. Qc2 {[%emt 0:00:01]} Ne7 {[%emt 0:00:02]} 14. O-O-O {[%emt 0:00:02]} Qa5 {[%emt 0:00:04]} 15. a3 {[%emt 0:00:02]} Bf5 {[%emt 0:00:07]} 16. Ne4 {[%emt 0:00:05]} Bxe4 {[%emt 0:00:02]} 17. Qd2 {[%emt 0:00:01]} Bxa3 {[%emt 0:00:05]} 18. bxa3 {[%emt 0:00:02]} Qxa3+ {[%emt 0:00:01]} 19. Qb2 {[%emt 0:00:00]} Qa4 {[%emt 0:00:04]} 20. Rd2 {[%emt 0:00:03]} Kc7 {[%emt 0:00:01]} 21. Qa2 {[%emt 0:00:01]} Qxa2 {[%emt 0:00:03]} 22. Rxa2 {[%emt 0:00:01]} Ra8 {[%emt 0:00:03]} 23. Rg1 {[%emt 0:00:03]} Rhb8 {[%emt 0:00:02]} 24. Rb2 {[%emt 0:00:01]} Rxb2 {[%emt 0:00:01]} 25. Kxb2 {[%emt 0:00:00]} Rb8+ {[%emt 0:00:01]} 26. Ka2 {[%emt 0:00:00]} Rb3 {[%emt 0:00:01]} 27. Bf4+ {[%emt 0:00:02]} Kd7 {[%emt 0:00:03]} 28. Bd2 {[%emt 0:00:02] Time} 1-0

[Event "Stay Safe Play From Home 151"]
[Site "T#646137Emanuel Laske"]
[Date "2020.05.17"]
[Round "7"]
[White "Weltszmerc"]
[Black "Indianquant"]
[Result "0-1"]
[WhiteElo "2090"]
[BlackElo "2256"]
[Annotator "RC"]
[PlyCount "70"]
[EventDate "2020.05.17"]
[EventType "swiss (blitz)"]

1. d4 {[%emt 0:00:01]} Nf6 {[%emt 0:00:02]} 2. c4 {[%emt 0:00:00]} e6 {[%emt 0:00:01]} 3. Nf3 {[%emt 0:00:01]} c5 {[%emt 0:00:01]} 4. d5 {[%emt 0:00:01]} exd5 {[%emt 0:00:00]} 5. cxd5 {[%emt 0:00:00]} d6 {[%emt 0:00:00]} 6. Nc3 {[%emt 0:00:00]} g6 {[%emt 0:00:00]} 7. e4 {[%emt 0:00:00]} a6 {[%emt 0:00:00]} 8. a4 {[%emt 0:00:01]} Bg4 {[%emt 0:00:00]} 9. Be2 {[%emt 0:00:02]} Bxf3 {[%emt 0:00:00]} 10. Bxf3 {[%emt 0:00:01]} Nbd7 {[%emt 0:00:00]} 11. Bf4 {[%emt 0:00:01]} Qc7 {[%emt 0:00:01]} 12. O-O {[%emt 0:00:01]} Bg7 {[%emt 0:00:00]} 13. h3 {[%emt 0:00:01]} O-O {[%emt 0:00:00]} 14. Re1 {[%emt 0:00:01]} Rfe8 {[%emt 0:00:00]} 15. a5 {[%emt 0:00:01]} Rac8 {[%emt 0:00:02]} 16. Qd2 {[%emt 0:00:01]} c4 {[%emt 0:00:01]} 17. Na4 {[%emt 0:00:01]} Ne5 {[%emt 0:00:01]} 18. Be2 {[%emt 0:00:03]} Ned7 {[%emt 0:00:02]} 19. Bf3 {[%emt 0:00:02]} h5 {[%emt 0:00:03]} 20. Rac1 {[%emt 0:00:02]} b5 {[%emt 0:00:02]} 21. axb6 {[%emt 0:00:02]} Nxb6 {[%emt 0:00:00]} 22. Qa5 {[%emt 0:00:10]} Nfd7 {[%emt 0:00:04]} 23. Nxb6 {[%emt 0:00:04]} Nxb6 {[%emt 0:00:00]} 24. b3 {[%emt 0:00:02]} c3 {[%emt 0:00:01]} 25. Qxa6 {[%emt 0:00:05]} Ra8 {[%emt 0:00:08]} 26. Qd3 {[%emt 0:00:01]} Nd7 {[%emt 0:00:01]} 27. e5 {[%emt 0:00:02]} Nxe5 {[%emt 0:00:02]} 28. Qxc3 {[%emt 0:00:04]} Qxc3 {[%emt 0:00:03]} 29. Rxc3 {[%emt 0:00:01]} Nxf3+ {[%emt 0:00:01]} 30. Rxf3 {[%emt 0:00:01]} Rxe1+ {[%emt 0:00:00]} 31. Kh2 {[%emt 0:00:00]} Be5 {[%emt 0:00:03]} 32. Bxe5 {[%emt 0:00:01]} Rxe5 {[%emt 0:00:00]} 33. Rd3 {[%emt 0:00:01]} Rb8 {[%emt 0:00:01]} 34. f4 {[%emt 0:00:01]} Rf5 {[%emt 0:00:02]} 35. Kg3 {[%emt 0:00:02]} Rb5 {[%emt 0:00:01] Czas partii (Lag: Av=0.83s, max=1.1s)} 0-1

[Event "Stay Safe Play From Home 151"]
[Site "T#646137Emanuel Laske"]
[Date "2020.05.17"]
[Round "7"]
[White "Don59as"]
[Black "Sfantul321"]
[Result "0-1"]
[WhiteElo "2046"]
[BlackElo "1993"]
[Annotator "NA"]
[PlyCount "38"]
[EventDate "2020.05.17"]
[EventType "swiss (blitz)"]

1. c4 {[%emt 0:00:01]} g6 {[%emt 0:00:00]} 2. Nc3 {[%emt 0:00:01]} Bg7 {[%emt 0:00:00]} 3. g3 {[%emt 0:00:01]} c5 {[%emt 0:00:00]} 4. Bg2 {[%emt 0:00:00]} Nc6 {[%emt 0:00:00]} 5. e3 {[%emt 0:00:00]} e6 {[%emt 0:00:00]} 6. Nge2 {[%emt 0:00:01]} Nge7 {[%emt 0:00:00]} 7. O-O {[%emt 0:00:01]} d5 {[%emt 0:00:00]} 8. cxd5 {[%emt 0:00:00]} exd5 {[%emt 0:00:01]} 9. d4 {[%emt 0:00:00]} cxd4 {[%emt 0:00:00]} 10. Nxd4 {[%emt 0:00:00]} Nxd4 {[%emt 0:00:00]} 11. exd4 {[%emt 0:00:00]} O-O {[%emt 0:00:00]} 12. Be3 {[%emt 0:00:01]} Be6 {[%emt 0:00:01]} 13. Ne2 {[%emt 0:00:01]} Nc6 {[%emt 0:00:01]} 14. Nf4 {[%emt 0:00:01]} Re8 {[%emt 0:00:01]} 15. Qd2 {[%emt 0:00:02]} Qd7 {[%emt 0:00:01]} 16. Nxe6 {[%emt 0:00:01]} fxe6 {[%emt 0:00:01]} 17. Rfe1 {[%emt 0:00:00]} Qd6 {[%emt 0:00:01]} 18. Bf4 {[%emt 0:00:01]} Qb4 {[%emt 0:00:01]} 19. Be5 {[%emt 0:00:02]} Qxd2 {[%emt 0:00:02] Don59as resigns (Lag: Av=0.34s, max=0.6s)} 0-1

[Event "Stay Safe Play From Home 151"]
[Site "T#646137Emanuel Laske"]
[Date "2020.05.17"]
[Round "7"]
[White "Castlingarrocco"]
[Black "XShot"]
[Result "0-1"]
[WhiteElo "2041"]
[BlackElo "2456"]
[Annotator "TA"]
[PlyCount "82"]
[EventDate "2020.05.17"]
[EventType "swiss (blitz)"]

{[%evp 9,82,-12,37,27,49,0,40,9,27,20,38,0,-3,0,0,-7,3,-1,-5,-8,18,-5,0,-21,-12,-6,0,0,0,0,0,-130,-129,-158,-158,-161,-152,-166,-160,-145,-137,-315,-315,-329,-329,-419,-406,-419,-408,-456,-450,-488,-472,-509,-500,-499,-487,-5497,-567,-652,-663,-764,-748,-762,-730,-719,-692,-771,-929,-911,-915,-681,-619,-1086,-1062]} 1. d4 c6 2. e3 d5 3. f4 Nf6 4. Nf3 Bg4 5. Be2 Bxf3 6. Bxf3 {D00: 1 d4 d5: Unusual lines.} e6 {[#]} 7. Qe2 $146 ({Predecessor:} 7. O-O Nbd7 8. b3 Bd6 9. Nc3 Qc7 10. g3 O-O-O 11. Ne2 Ne4 12. c4 f5 13. c5 {½-½ (31) Rosing,H (1972)-Hanewinkel,W (1901) Germany 2016}) 7... g6 8. c3 {White is slightly better.} Nbd7 9. Nd2 Bg7 10. e4 dxe4 11. Nxe4 Nxe4 12. Bxe4 O-O 13. Bc2 Rc8 14. O-O b6 15. Qf2 c5 16. Be3 (16. dxc5 {seems wilder.} bxc5 17. Be4 Qa5 18. Bb7 Rb8 19. Bf3) 16... cxd4 17. Bxd4 Bxd4 18. Qxd4 Nc5 19. Qxd8 Rfxd8 20. Bb3 (20. Rfd1 $11 {remains equal.}) 20... Rd2 $17 21. Rf2 Rxf2 22. Kxf2 {[%mdl 4096] Endgame KRB-KRN} Nd3+ 23. Ke2 Nxb2 24. Rb1 Nc4 25. Bxc4 $2 {This move loses the game for White.} (25. Rd1 $17 {might work better.}) 25... Rxc4 {[%mdl 64] [#] Double Attack. KR-KR} 26. Rc1 Rxf4 27. g3 Ra4 28. Rc2 Kf8 29. Kd3 Ke7 {Black is clearly winning.} 30. h4 Kd6 31. Rf2 f5 32. Re2 e5 33. Kc2 (33. Rd2 $142) 33... e4 (33... Rxa2+ $142 34. Kd1 Rxe2 35. Kxe2 a5) 34. Kb3 Ra5 35. Rd2+ Rd5 36. Rc2 Rd3 37. Kc4 Kc6 38. Rg2 b5+ 39. Kb4 h5 40. a4 bxa4 41. Kxa4 Rxc3 {Accuracy: White = 45%, Black = 85%.} 0-1